El derecho penal de menores a debate I Congreso Nacional sobre Justicia Penal Juvenil /

Bibliographic Details
Corporate Author: Congreso Nacional sobre Justicia Penal Juvenil( Jaň)
Other Authors: Bent̕ez Ortz︢ar, Ignacio Francisco (Conductor), Cruz Blanca, Mara̕ Jos,̌ (Conductor), Morillas Cueva, Lorenzo (coaut.)
Format: Conference Proceeding
Language:Spanish
Published: Madrid : Dykinson, 2010
Series:Ensayos penales (Dykinson)
Subjects:
Online Access:Acceso restringido

MARC

LEADER 00000ny a22000003n 4500
005 20110623143015.0
008 100624s2010 sp 100 0 spa d
017 |a D.L M 22109-2010 
020 |a 9788498499162 
035 |a 5030 
040 |a UNAV  |d vLex 
080 |a 343.22-053.2(460) 
090 |c 1077  |d 1077 
111 2 |a Congreso Nacional sobre Justicia Penal Juvenil(  |n 1.  |d 2009.  |c Jaň) 
245 1 3 |a El derecho penal de menores a debate  |h [Recurso electrn̤ico]  |b I Congreso Nacional sobre Justicia Penal Juvenil /  |c directores Ignacio F. Bent̕ez Ortz︢ar, Mara̕ Jos ̌Cruz Blanca ;  |c autores Morillas Cueva, L...[et al.] 
256 |a Servicio en ln̕ea 
260 |a Madrid :  |b Dykinson,  |c 2010 
300 |a 442 p. ;  |c 22 cm 
490 1 |a Ensayos penales 
506 1 |a Contenido solo disponible en los productos indicados  |d vLex Global  |d vLex Global (Academic Edition, excluding Law Schools)  |d vLex Global (U.S. Academic Edition, Law Schools)  |d vLex Global (U.S. Academic Edition, excluding Law Schools)  |d vLex Global (Academic Edition, Law Schools) 
650 0 7 |a Derecho penal  |2 Tesauro vLex 
650 0 7 |a Menores de edad  |2 Tesauro vLex 
650 0 7 |a Procesamiento de menores  |2 Tesauro vLex 
650 0 7 |a Penal  |2 Tesauro vLex 
650 0 7 |a Menores  |2 Tesauro vLex 
700 1 |a Bent̕ez Ortz︢ar, Ignacio Francisco,  |e dir. 
700 1 |a Cruz Blanca, Mara̕ Jos,̌  |e dir. 
700 1 |a Morillas Cueva, Lorenzo,  |e coaut. 
740 0 |a vLex Libros (Servicios en ln̕ea) 
830 0 |a Ensayos penales (Dykinson)  
856 4 0 |u http://vlex.com/source/5030  |z Acceso restringido 
942 |c BOOK